Films avec Daniel Prévost par image - Statistiques

Statistiques générales
  • Ce quiz a été pris 79 fois
  • Le résultat moyen est 5 sur 16
Statistiques - réponses
Par images Réponse % Correct
Le Dîner de cons
97%
Astérix et Obélix contre César
96%
Lucky Luke
50%
La Vérité si je mens ! 2
45%
Le Petit Nicolas
45%
Maison de retraite
39%
La Maison du bonheur
33%
Les Blagues de Toto
21%
Moi y'en a vouloir des sous
18%
Tout le monde il est beau, tout le monde il est gentil
18%
Uranus
13%
Je sais rien mais je dirai tout
8%
Mission Pays basque
5%
Erotissimo
3%
Les Petits Ruisseaux
3%
Musée haut, musée bas
3%
Aucun quiz correspondant
Distribution des résultats
% des personnes avec chaque résultat
Percentile par nombre de réponses
Votre historique - résultats
Vous n’avez pas pris ce quiz